000 00448nam a2200193Ia 4500
003 GCL
008 140319s9999 xx 000 0 eng d
040 _aGCL /
_cGCL
082 0 4 _a908
_bD N
100 1 _aDARWIN, CH.
245 1 0 _aTHE NEXT MILLION YEARS /
_cDARWIN, CH.
260 _a[S.N] :
_bRUPERT HART-DAVIS ،
_c1952
300 _a210 P
650 0 4 _aEARTH
650 0 4 _aLIFE
650 0 4 _aFUTURE
650 0 4 _aWORLD
942 _2ddc
_cBK
999 _c19741
_d19741